| 000 | 00564nam a2200229Ia 4500 | ||
|---|---|---|---|
| 003 | OSt | ||
| 005 | 20250809114037.0 | ||
| 008 | 210210b2011 xxu||||| |||| 00| 0 eng d | ||
| 020 | _a8172881622 | ||
| 040 | _cAL | ||
| 041 | _aeng | ||
| 082 | _a657.46 MEHI | ||
| 100 |
_aMehrotra H C _973559 |
||
| 245 |
_aIncome tax _b: law and accounts including tax planning 2011-2012 |
||
| 250 | _a52 | ||
| 260 |
_aAgra _bSahitya Bhavan _c2011 |
||
| 300 | _aii,830p | ||
| 690 |
_aIncome Tax _973560 |
||
| 700 |
_aGoyal S P _973561 |
||
| 906 | _a065590 | ||
| 942 |
_2ddc _cBK |
||
| 999 |
_c145709 _d145709 |
||